| 000 | 00391nam a2200157Ia 4500 | ||
|---|---|---|---|
| 999 |
_c27692 _d27692 |
||
| 003 | 0100 | ||
| 005 | 20180308141923.0 | ||
| 008 | 130303s9999 xx 000 0 und d | ||
| 040 | _cARRUPELIB | ||
| 050 | _aDT961.R34 1978 | ||
| 100 |
_aScott, D.N _940373 |
||
| 245 | _aRho-Plan 60' or guarantees that will work for the whites of Rhodesia / | ||
| 260 | _aSalisbury | ||
| 300 | _a43p | ||
| 650 |
_aZimbabwe _xPolitics _93690 |
||
| 942 |
_2lcc _cMONOGRAPH |
||